000 00688nam a2200241Ia 4500
003 OSt
005 20220924113153.0
006 a|||||r|||| 00| 0
007 ta
008 220923b |||||||| |||| 00| 0 eng d
024 _a149573
037 _cDictionary
040 _aARTS
_cARTS
_beng
041 _2eng
_aeng
082 _aY1:4:5S, K4
100 _aTimms Noel
_9137809
245 0 _aPsychiatric social work in Great Britian (1939-62)
260 _aNA
_bNA
_c1964
490 _aInternational library of sociology reconstruction edited by W J H Sprott
650 _aSOCIOLOGY
942 _hY1:4:5S, K4
_cdic
_2cc
999 _c389435
_d389435